01541cam a22003494i 4500003000900000005001700009008004100026035001900067040003300086082001900119100003100138245005500169264003400224300003900258336002100297337002500318338002300343490004200366504003200408505065500440526001001095526001001105526001001115526001001125526000801135526000801143526000801151526000801159526000801167526000801175526000801183PE-LiUPU20250731173206.0150625s1931 ny r 001 0 eng d a(Sirsi) a31278 aPE-LiUPUbspacPE-LiUPUerda04a270.6bL672211 aLindsay, Thomas M,eautor.12aA history of the Reformation /cThomas M. Lindsay. 1aNew York :bScribners,c1931. a512 páginas ;c21 centímetros. atext2rdacontent aunmediated2rdamedia avolume2rdacarrier1 aThe International theological library aIndice : páginas 513-528. aThe Papacy -- Te political situation -- The renaissance -- Social Conditions -- Family and popular religious life in the decades before the reformation -- Humanism and the reformation -- Humanism and the reformation -- Luther to the beginning of the controversy about indulgences -- From the beginning of the indulgence controversy to the diet of worms -- The diet of worms -- From the diet of worms to the close of the peasant war -- From the diet of speyer, 1526, to the religious peace of augsburg, 1555 -- The organisation of the Lutheran Churches -- The Lutheran reformation outside Germany -- The religious principles inspiring the reformation. aSEG42 aSEG41 aSEG40 aSEG39 aP94 aP87 aP86 aP85 aP77 aP76 aP35